|
|
|
|
| LEADER |
00000nam0a2200000 4500 |
| 001 |
94044 |
| 005 |
20231031105504.0 |
| 035 |
|
|
|a (RuTPU)RU\TPU\book\100735
|
| 090 |
|
|
|a 94044
|
| 100 |
|
|
|a 20060406d1974 m y0rusy50 ca
|
| 101 |
0 |
|
|a rus
|
| 102 |
|
|
|a RU
|
| 105 |
|
|
|a y j 001zy
|
| 200 |
1 |
|
|a Курс демографии
|e учебное пособие для вузов
|f под ред. А. Я. Боярского
|
| 205 |
|
|
|a 2-е изд., перераб. и доп.
|
| 210 |
|
|
|a Москва
|c Статистика
|d 1974
|
| 215 |
|
|
|a 455 с.
|
| 320 |
|
|
|a Библиогр.: с. 440-441.
|
| 320 |
|
|
|a Именной и предметный указатель: 442-449.
|
| 610 |
1 |
|
|a демография
|
| 610 |
1 |
|
|a население
|
| 610 |
1 |
|
|a народонаселение
|
| 610 |
1 |
|
|a воспроизводство
|
| 610 |
1 |
|
|a возраст
|
| 610 |
1 |
|
|a продолжительность жизни
|
| 610 |
1 |
|
|a браки
|
| 610 |
1 |
|
|a разводы
|
| 610 |
1 |
|
|a демографические прогнозы
|
| 610 |
1 |
|
|a миграции
|
| 610 |
1 |
|
|a статистика
|
| 610 |
1 |
|
|a выборочные исследования
|
| 610 |
1 |
|
|a таблицы
|
| 610 |
1 |
|
|a демографическая политика
|
| 610 |
1 |
|
|a демографическая история
|
| 610 |
1 |
|
|a демографическая ситуация
|
| 610 |
1 |
|
|a учебные пособия
|
| 675 |
|
|
|a 312(075.8)
|v 3
|
| 702 |
|
1 |
|a Боярский
|b А. Я.
|g Арон Яковлевич
|4 340
|
| 801 |
|
1 |
|a RU
|b 63413507
|c 20060406
|g PSBO
|
| 801 |
|
2 |
|a RU
|b 63413507
|c 20201211
|g PSBO
|
| 942 |
|
|
|c BK
|